000 00265nam a2200109Ia 4500
008 220204s9999 xx 000 0 und d
082 _a82-3POR
_bCOV
100 _aCovici, Pascal
245 4 _aThe Portable Steinbeck
260 _aEngland
_bPenguin
_c1977
942 _cBK
999 _c33058
_d33058